| 000 | 00522nam a2200205Ia 4500 | ||
|---|---|---|---|
| 005 | 20250508150320.0 | ||
| 008 | 008 250505s9999 xx 000 0 eng d | ||
| 037 | _aTextual | ||
| 040 |
_aFEDL _beng _cFEDL |
||
| 041 |
_aeng _2eng |
||
| 084 |
_a100, EDM _qFEDL |
||
| 100 | _aEdman Irwin | ||
| 245 | 0 | _aPhilosopher's quest | |
| 260 |
_aNew York, USA _bThe Viking Press _c1947 |
||
| 300 | _a275p. | ||
| 365 |
_aINR _b15 |
||
| 650 | _aPhilosophy | ||
| 942 |
_cTEXL _h100, EDM |
||
| 999 |
_c1322952 _d1322952 |
||